Music Quiz

Random Music or Clickable Quiz

'Footloose' Clicky-oke Quiz Stats

 Plays Quiz not verified by Sporcle

Score 0/36 Timer 07:00
0 Plays Today
% Correct
So hard
88.2%
My card
86.3%
Footloose
85.3%
Come on before we crack
83.3%
That times are holding me down
82.4%
Sunday shoes
82.4%
What I got
81.4%
Sunday shoes
81.4%
Pull me off of my knees
81.4%
For what
80.4%
That life ain't passing you by
79.4%
Come on before we crack
79.4%
Or else I'll tear up this town
78.4%
Sunday shoes
78.4%
Obeying every rule
77.5%
You're burning, yearning for some
77.5%
Sunday shoes
74.5%
Pull me off of my knees
74.5%
% Correct
It will if you don't even try
73.5%
Feet on the ground
73.5%
Come on before we crack
72.5%
Everybody cut footloose
72.5%
Come on, come on, let's go
70.6%
Everybody cut footloose
69.6%
Pull me off of my knees
69.6%
The hold of all
67.6%
Shake it, shake it for me
63.7%
Turn me around
63.7%
Everybody cut footloose
62.7%
Everybody cut
62.7%
Only cut loose, footloose
60.8%
Everybody cut
60.8%
Footloose
59.8%
Footloose
57.8%
Footloose
46.1%
Everybody cut, everybody cut
45.1%

You're not logged in!

Compare scores with friends on all Sporcle quizzes.
OR
Log In

Show Comments

Extras

Top Quizzes Today


Score Distribution

Your Account Isn't Verified!

In order to create a playlist on Sporcle, you need to verify the email address you used during registration. Go to your Sporcle Settings to finish the process.

Report this User

Report this user for behavior that violates our Community Guidelines.

Details: